[Event "IRL-ch 100th First Week"]
[Site "Dublin"]
[Date "2021.07.25"]
[Round "5"]
[White "Fitzpatrick, Kevin"]
[Black "Morgan Doyle, Noah"]
[Result "0-1"]
[WhiteElo "1463"]
[BlackElo "700"]
[PlyCount "62"]
[EventDate "2021.07.23"]
[EventType "swiss"]
[EventRounds "5"]
[EventCountry "IRL"]
[SourceTitle "EXT 2022"]
[Source "ChessBase"]
[SourceDate "2021.10.06"]
[SourceVersion "1"]
[SourceVersionDate "2021.10.06"]
[SourceQuality "1"]

1. d4 d5 2. e3 Nf6 3. Bd3 c5 4. c3 Nc6 5. f4 e6 6. Nd2 Bd6 7. g3 b6 8. Ngf3 0-0 9. 0-0 Bb7 10. Ne5 Re8 11. g4 Nd7 12. g5 Ndxe5 13. dxe5 Be7 14. Qg4 g6 15. Rf3 d4 16. Rh3 h5 17. gxh6 Kh7 18. Ne4 c4 19. Ng5+ Bxg5 20. Bxg6+ fxg6 21. Rg3 dxc3 22. bxc3 Rc8 23. h4 Qd3 24. h5 gxh5 25. Qxh5 Qg6 26. Qf3 Rf8 27. Qh1 Rg8 28. Kf2 Qc2+ 29. Kg1 Qd1+ 30. Kh2 Qxh1+ 31. Kxh1 Nxe5+ 0-1